000 01341nam a22002777a 4500
005 20090807113140.0
008 090807t xxu||||| |||| 00| 0 hin d
010 _aHIN-87661
020 _a9788190730452
_c250.00
035 _aHN-60007
037 _bDBAD / PUB
040 _adpl
_bhn
082 _a616.462
100 _aरस्तोगी, राजीव
245 _aमधुमेह प्रबन्धन के लिए योग एवं प्राकृतिक चिकित्सा /
_cराजीव रस्तोगी
246 _aMadumeh Prabandan Ke Liye Yog Evam Prakartik Chikitasa
_bby Rajeev Rastogi
260 _aनई दिल्ली
_bसत्यम् पब्लिशिंग हाऊस
_c2009
270 _aएन-3/25, मोहन गार्डन ,
_bनई दिल्ली
_e110059
_k011-25358642
300 _a192पृ.
_c22सेमी (सजिल्द)
_bसचित्र
650 _aमधुमेह
650 _aDiabetes
650 _aयोग
650 _aYoga
942 _2ddc
_cHN
_mरस्तोगी
_h616.462
999 _c28994
_d28994